[Event "Sinquefield Cup 6th"]
[Site "Saint Louis"]
[Date "2018.08.19"]
[Round "2"]
[White "Carlsen, Magnus"]
[Black "Karjakin, Sergey"]
[Result "1-0"]
[WhiteElo "2842"]
[BlackElo "2773"]
[Annotator "Marin,M"]
[PlyCount "175"]
[EventDate "2018.08.18"]
[EventType "tourn"]
[EventRounds "9"]
[EventCountry "USA"]
[EventCategory "22"]
[SourceTitle "CBM 186"]
[Source "ChessBase"]
[SourceDate "2018.09.14"]
[SourceVersion "1"]
[SourceVersionDate "2018.09.14"]
[SourceQuality "1"]

1. c4 e6 2. Nc3 ({It is useful to compare the game variation with the
classical way of reaching almost the same position:} 2. g3 d5 3. Bg2 Nf6 4. Nf3
Be7 5. d4 O-O 6. Nc3 dxc4 7. Ne5 Nc6 8. Bxc6 bxc6 9. Nxc6 Qe8 10. Nxe7+ Qxe7
11. Qa4 c5 12. dxc5 Qxc5 13. Be3 Qc7 14. Rd1 Nd5 15. Bd4 Rd8 {Since nobody so
far has played Nxd5 here, Carlsen's 17th move can be considered the real true
novelty.}) 2... Bb4 3. g3 Nf6 4. Bg2 O-O 5. Nf3 d5 6. a3 (6. d4 {would lead to
a fianchetto Nimzo-Indian tabiya, which White usually sidesteps by playing 4.
Nf3 and only after 4...c5 5.g3.}) 6... Be7 ({The alternative is} 6... Bxc3 {
At a high level,} 7. dxc3 {is the main move, clearing the path for the bishop.}
({Instinctively, I would think of strengthening my centre with} 7. bxc3) {
Here are two examples:} 7... Nbd7 (7... c5 {exposes the c5-pawn a bit too soon.
} 8. O-O Nc6 9. Bg5 dxc4 10. Qa4 h6 11. Bxf6 Qxf6 12. Qxc4 Qe7 13. Ne1 Ne5 14.
Qf4 Ng6 15. Qe3 c4 $6 16. Nf3 $14 {Ivanchuk,V (2752)-Bologan,V (2700) Saint
Vincent 2005 (1-0, 71)}) 8. cxd5 exd5 9. O-O Nc5 10. Be3 Nce4 11. Rc1 {
Objectively Black should be doing fine, but the bishop pair is a latent danger
for Black.} Be6 12. Nd4 Bd7 13. Bf4 c5 14. Nf3 Re8 15. c4 d4 16. e3 Bg4 $6 (
16... dxe3 17. Bxe3 {would offer White a purely symbolic advantage.}) 17. exd4
Bxf3 18. Bxf3 cxd4 19. Qd3 $14 {(Wojtaszek,R (2614)-Bartel,M (2613) Lublin
2008 1-0, 50)}) 7. d4 {We have reached a known Catalan tabiya with the extra
tempo for White a2-a3.} dxc4 8. Ne5 Nc6 9. Bxc6 bxc6 10. Nxc6 Qe8 11. Nxe7+
Qxe7 12. Qa4 c5 13. dxc5 $146 ({It is interesting that Karjakin had had this
position twice. The games continued with} 13. Qxc4 cxd4 14. Qxd4 e5 15. Qb4 (
15. Qh4 Qe6 16. O-O Bb7 17. Bg5 Nd5 18. Nxd5 Qxd5 19. f3 Qb5 $6 (19... h6 20.
Be3 Qb5 21. Qb4 Qxe2 $11) 20. Qb4 $1 {This is one of the moments when the
extra tempo a2-a3 proves useful.} Qa6 21. Rac1 (21. e4 $5) 21... e4 $44 {
(Moiseenko,A-Karjakin,S Eurasian blitz 2016 ½-½, 51)}) 15... Qe6 16. Bg5 a5
17. Qh4 Nd5 $44 {Aronian,L (2737)-Karjakin,S (2727) Sochi 2008 (½-½, 34)})
13... Qxc5 14. Be3 Qc7 {Despite the presence of opposite-coloured bishops,
White's position remains more pleasant because of the perfect blockade on c3.
In many endings this would yield him a small but lasting advantage. This
applies to both positions, with or without a2-a3.} 15. Rd1 Nd5 16. Bd4 Rd8 17.
Nxd5 $146 {I know that indicating two novelties in the same game rarely makes
sense, but as explained above this is one of them. Actually the move is
logical because it forces Black to obstruct the long diagonal and it extends
White's area of blockade by one square (d4).} exd5 18. Qc2 Qe7 (18... Bh3 {
is not dangerous as after} 19. f3 Rd7 20. Kf2 {followed by Rhe1 White
completes his development harmoniously.}) 19. O-O Bh3 20. Rfe1 Rd7 21. Bc3 {
[%cal Gd1d4,Gc2d2] Starting a coherent regrouping.} Re8 22. Rd4 Qg5 {The plan
of exchanging queens mainly plays into White's hands, as his king has better
prospects for centralising.} (22... h5 $5 23. Qd2 f6 {might have been better as
} 24. Rxd5 $2 {loses to} Qe4 $19) 23. Qd2 Qxd2 24. Rxd2 $14 {With his king in
absolute safety after the queen exchange White can play at his leisure. True,
his winning chances are not very clear yet.} Be6 25. Red1 Rde7 26. f3 h5 27.
Kf2 f6 28. Rd4 Kh7 29. R1d2 Bf7 30. h3 ({WHite could have obtained an active
ending with} 30. e4 dxe4 31. Rxe4 Rxe4 32. fxe4 Re7 33. Ke3 {for instance} Bg6
34. Rd4 Bf7 35. Bb4 Rb7 36. Rd6 $14 {, but Carlsen was probably looking for a
good moment to eliminate the d5-pawn by other means.}) 30... a6 31. Rf4 Kg8 32.
Bd4 Kh7 33. Bc3 {Typical waiting moves when one is not entirely sure about how
to proceed, or when one wants to confuse one's opponent.} Kg8 34. g4 hxg4 35.
hxg4 Kh7 36. Rf5 Rb7 ({I cannot imagine that Karjakin did not understand
Carlsen's intentions. But he probably refrained from over defending the pawn
with} 36... Rd7 {due to} 37. e4 {In fact, this would not be too dangerous for
Black:} Red8 38. e5 fxe5 (38... Bg6 39. e6 $1 Bxf5 40. gxf5 {offers White
ample compensation for the exchange.}) 39. Bxe5 d4 40. Rxd4 Rxd4 41. Bxd4 Rxd4
42. Rxf7 Rd2+ 43. Kg3 Rxb2 $11) 37. Rfxd5 $1 {Now White knows what he will be
playing for. The c4-pawn is weak, the c3-bishop as strong as earlier and he
will have the plan of advancing his kingside majority. Objectively, the
position may still be equal, but from a practical point of view it remains
very unpleasant for Black.} Bxd5 38. Rxd5 Kg6 {A strange decision. Black gives
up the c4-pawn without a fight.} ({True, after} 38... Rc8 39. Rd6 Ra7 40. e4
Rcc7 41. Rd4 Rc6 42. f4 {White has some kingside initiative. But giving up the
pawn will not avoid that, either!}) 39. Rc5 Rh8 40. Kg3 $1 (40. Rxc4 $2 Rh2+
41. Ke1 Re7 42. e4 Rd7 $15 {[%csl Ge1]}) 40... Rb6 41. Rxc4 Rh1 42. Rc7 Rc1 43.
Rd7 Rc6 {Karjakin must have looked for a moment to return the exchange, and
reach a draw in a symbolically worse rook ending, but somehow this will not
work.} 44. a4 Rg1+ (44... R1xc3 45. bxc3 Rc4 46. Rd4 $1 Rxc3 47. Rd6 $18) 45.
Kf2 Ra1 46. a5 Ra4 (46... Rxc3 47. bxc3 Rxa5 48. Ke3 {remains dangerous for
Black, as exchanging the a- and c-pawns is by no means trivial.}) 47. Kg3 Rac4
48. Ra7 $1 ({If} 48. e4 Rc7 $1 ({But not} 48... Rxc3 $2 49. bxc3 {[%cal Gd7a7]}
Rc5 50. Rd5 $1) 49. Rd6 R7c6 {and the rook will have to retreat. In the event
of an exchange White would lose any chance to put Black under pressure.}) 48...
Re6 49. e4 Rc8 50. Rd7 Rec6 (50... Rce8 51. Kf4 R8e7 52. Rd5 Rc6 53. g5 $14)
51. f4 R8c7 ({Once again returning the exchange looks risky:} 51... Rxc3+ 52.
bxc3 Rxc3+ 53. Kh4 Ra3 54. f5+ Kh6 55. g5+ (55. Rd5 g5+ $5) (55. e5 g5+ 56.
fxg6 fxe5) 55... fxg5+ 56. Kg4 Rxa5 57. Rd6+ Kh7 58. Kxg5 {One would not go
willingly to such an ending. The a6-pawn is more of a problem for Black, who
cannot check from a distance when the king will intrude through the centre.}
Ra1 59. e5 Rg1+ 60. Kf4 Rf1+ (60... Kg8 61. Ke4 a5 62. Kd5 {is not all roses
either.}) 61. Ke4 Re1+ 62. Kd5 Rf1 63. Ke6 Rb1 (63... a5 64. Kd7) 64. Kd7 Rb7+
65. Kc6 Re7 66. e6 $18) 52. f5+ Kh7 {The safest square for the king.} (52...
Kg5 $2 53. Bd2#) (52... Kh6 53. Rd1 Kh7 (53... Rxc3+ 54. bxc3 Rxc3+ 55. Kf4 $18
{[%cal Gd1h1,Gd1d6] The vulnerability of the black king is decisive.}) 54. Kf4
$14 {[%cal Gg4g5]}) 53. Rd8 Rc8 54. Rd3 ({Apparently Carlsen was not entirely
sure about the aforementioned ending resulting after} 54. Rd1 Rxc3+ 55. bxc3
Rxc3+ 56. Kf4 Ra3 57. g5 fxg5+ 58. Kxg5 Rxa5 59. Rd6) 54... Re8 55. Rd4 Rc7 56.
Kf4 {White has made considerable progress, but nothing is clear yet.} Rce7 57.
Rc4 Kh6 58. Kf3 Rd7 59. Bd4 Kh7 60. b4 Rd6 61. Ke3 Kh6 62. Rc1 Kh7 63. Bb6 Rd7
64. Bc5 {White has gained space on the queenside, too.} Red8 ({Black could
have taken advantage of the bishop's departure from the long diagonal with} 
64... g6 $5 {somewhat freeing his position.}) 65. Rh1+ ({The long awaited break
} 65. g5 {does not bring in anything concrete:} fxg5 66. e5 Rd1 67. Rxd1 Rxd1
68. e6 Re1+ 69. Kf3 {[%cal Ge6e7,Gc5e3]} Kg8 70. Kg4 Re2 71. Kxg5 Rg2+ 72. Kf4
Re2 $11) 65... Kg8 66. Kf4 Re8 67. Re1 g5+ {Better late than never.} 68. fxg6
Kg7 69. g5 Kxg6 70. gxf6 Kxf6 71. Rh1 {[%cal Gh1h6]} Rf7 $1 {The best defence,
keeping the king centralised.} (71... Kg6 72. e5 $14) 72. Ke3 (72. Rh6+ $2 Kg7+
) 72... Ke6 73. Rh4 Rf6 74. Rh7 Rf7 75. Rh5 Kd7 76. e5 Rf1 77. Ke4 Kc6 $2 {
A terrible blunder after a difficult defence.} (77... Re1+ 78. Kd5 Rd1+ 79. Bd4
Rd8 $11) (77... Re6 78. Kd5 Rd1+ $11) 78. Rh6+ Kb5 (78... Kb7 79. Rb6+ Kc7 (
79... Ka7 80. Re6+) 80. Rxa6 Re1+ 81. Kd3 R1xe5 82. Bd6+ Kb7 83. Rb6+ Ka7 84.
Bxe5 $18) (78... Kd7 79. Rd6+ Kc7 (79... Kc8 80. e6 $18) 80. Rxa6 Re1+ 81. Kd3
R1xe5 82. Bd6+ Kb7 83. Rb6+ Ka7 84. Bxe5 $18) 79. Rb6+ Kc4 80. e6 $18 {The
e-pawn is strong and safe now and the pawn on a6 is doomed. To make things
worse, the black king is out of play.} Re1+ 81. Kf5 Rf1+ 82. Ke5 Re1+ 83. Kf6
Rf1+ 84. Kg7 Ra8 (84... Re1 85. Kf7) 85. e7 Re1 86. Kf7 Re4 (86... Rf1+ 87. Rf6
Re1 88. Re6 Rf1+ 89. Kg7 Re8 90. Rxa6) 87. Rd6 Rh8 88. Rxa6 (88. Rd8 $18) 1-0

[Event "Olympiad-41"]
[Site "Tromsoe"]
[Date "2014.08.09"]
[Round "7.3"]
[White "Mekhitarian, Krikor Sevag"]
[Black "Neiksans, Arturs"]
[Result "1-0"]
[WhiteElo "2568"]
[BlackElo "2572"]
[Annotator "Mekhitarian,K"]
[PlyCount "53"]
[EventDate "2014.08.02"]
[EventType "team-swiss"]
[EventRounds "11"]
[EventCountry "NOR"]
[SourceTitle "CBM 162"]
[Source "ChessBase"]
[SourceDate "2014.09.17"]
[SourceVersion "1"]
[SourceVersionDate "2014.09.17"]
[SourceQuality "1"]
[WhiteTeam "Brazil"]
[BlackTeam "Latvia"]
[WhiteTeamCountry "BRA"]
[BlackTeamCountry "LAT"]

1. Nf3 Nf6 2. c4 e6 3. Nc3 {I chose to play this particular order, because my
opponent used to play the Queen's Indian frequently, and I wanted to try
something different. Now ...b6 is still possible, but I was happy to play e4!
right away.} Bb4 (3... b6 4. e4 Bb7 5. Bd3 c5 6. O-O {possibly running into a
Maroczy-type structure after} d6 7. Bc2 {and d4 next next move.}) 4. Qc2 {
Now we are in a kind of Nimzo-indian, with my P still on d2, I think that
makes a difference sometimes, so I can use the long a1-h8 diagonal and also
play with d3-e4.} O-O 5. a3 Bxc3 6. Qxc3 {I wanted to play b4-Bb2 quickly to
create some pressure on the diagonal, but I had second thoughts after my
opponent's move.} c5 $5 7. e3 (7. b4 {would be the natural response, but I had
some doubts concerning Black's initiative after} d5 8. cxd5 cxb4 9. axb4 Nxd5
$13 {with a5 or something, trying to create some initiative on the Q-side. Of
course, opening the position too much could be dangerous for him, because of
my strong dark-squared B, but I wanted to play it cool with 7.e3 first}) 7...
b6 (7... d5 {Now I thought I could just take on c5 if he wants to sacrifice
again} 8. cxd5 Nxd5 (8... Qxd5 {is playable of course, but then I can just
continue my development}) 9. Qxc5 $16) 8. Be2 d5 9. b4 {Now with the B already
developed on e2, I felt more confident creating some central tension. If I
don't do so, I was worried Black could play ...Nc6 and d4 quickly at some
point.} Nbd7 10. Bb2 Ba6 {With this move, Black avoids cxd5, but I was happy
to play b5, stopping any eventual pressure he could have on the c-file.} (10...
Bb7 {was another way of developing the B, with a quick dxc4 and Rc8 maybe?
Either way, I feel White is already looking for an advantage.} 11. cxd5 $5 {
trying to use the strong pin on the diagonal} exd5 {This is interesting,
because White has to be watching out for some ...d4 moves, with Nd5-Nf4 coming}
(11... Bxd5 $6 12. d3 $14 {and this is a position where I could play the e4 I
mentioned. It's not a problem to weaken the d4-square, because it is heavily
controlled and Black does not have any prospects of blockading it soon. Even
if he is able to play ...e5, I can manage to play f4, creating more pressure
on the diagonal.}) 12. O-O d4 $5 ({a move like} 12... Re8 {actually helps
White, because now I will have Bc4 after the same ...d4-Nd5-Nf4 idea} 13. Rfe1
Rc8 $13 {unless of course, Black just continues his development, with Qe7, h6.
I still prefer White because of the B-pair, but the position is probably
balanced}) 13. exd4 Nd5 14. Qb3 Nf4 15. Rfe1 Nxe2+ 16. Rxe2 cxb4 17. axb4 Nf6
$44 {with an interesting blockade on d5, and good play on the a8-h1 diagonal.})
11. b5 {When playing this move, I started to pay attention to ...Bb7 12.O-O
e5!? for Black.} (11. d3 $5 {this could be also possible, but I was faithful
to my vows on keeping the P on d2 as long as possible :)}) 11... Bb7 12. O-O
Re8 {Now ...e5 is coming, and I can't allow ...d4 after that, so I prepare
myself to take on d5 as soon as that P moves.} (12... e5 {kept me thinking
during the game, but White is better:} 13. Nxe5 d4 (13... Ne4 {was something I
did not consider as dangerous during the game} 14. Qc2 Nxe5 15. Bxe5 dxc4 16.
Rfd1 {but White should be good here, taking on c4 soon} (16. Bxc4 $6 Nxd2 17.
Rfd1 Qg5 $1 18. Bg3 Nxc4 19. Qxc4 Rfd8 $11) 16... Qe7 17. Bg3 $14) 14. exd4
cxd4 15. Qxd4 Nxe5 16. Qxd8 (16. Qxe5 $2 Re8 $19) 16... Raxd8 17. Bxe5 Rxd2 18.
Rfe1 $1 (18. Bxf6 $6 gxf6 {I thought this would be a tough position to win})
18... Re8 19. Bf1 $1 $18 {is a good move that I missed. I don't need to give
the B-pair away, meaning I will keep a winning advantage, with a P up} (19.
Bxf6 $2 {Here I felt the opposite-coloured B endgame with Rs could be
difficult:} Rdxe2 20. Rxe2 Rxe2 21. Bg5 Be4 $132)) 13. Qc2 $6 (13. d3 $5 {
would be better, following the same idea, but a better move order, to avoid 14.
..e4 he could have played during the game (I was not worried about it, but it
seems good for Black)}) 13... e5 14. cxd5 Bxd5 $2 (14... e4 $1 {this is a
critical moment. I felt like this is just a positional mistake, since I will
play f3, and open dangerous lines against his K} 15. Nh4 (15. Ng5 h6 16. Nh3
Ne5 $1 $36) 15... Bxd5 16. f3 exf3 (16... Ne5 17. Nf5 {with a complicated game.
In any case, it was probably better to avoid these complications with 13.d3
first}) 17. Nxf3 Qe7 {Now I want to play d3-e4, but I can't!} 18. Nh4 $5 $36) (
14... Nxd5 $5 {was also more interesting, so then if I want to play e4, I have
to deal with Nf4. Besides, Black is ready to play ...f6 eventually to decrease
the pressure on the a1-h8 diagonal} 15. e4 $5 Nf4 16. Bc4 $13) 15. d3 {Now
this is very annoying for Black, I'm just going to play Nd2, and then choose
between Ne4 and f4, or e4, Nc4 and f4 (a4 as well). The standard Nimzo-setup
that Black has is not that good in this structure, mainly because my P is
still on d3, limiting my opponent's pieces.} h6 16. Nd2 Nf8 17. Ne4 $5 {
I got really excited here about my prospects on the K-side. The 17.e4
alternative was also very tempting:} (17. e4 $5 Bb7 18. Nc4 Qc7 19. a4 $16 {
when Black is having problems to deal with all his problems, a5 is another
headache for him. g3-f4 is also possible, if Black plays something like 19...
a5 trying to stop my Q-side expansion.}) 17... N6h7 (17... Nxe4 18. dxe4 Bb7
19. a4 $16 {following with Bc4, Rad1, etc. Black's main problem is the passive
f8-N, that can't really find a good square. And the B should ideally be placed
on e6 (there was no time for that on move 18, since e5 was hanging).}) 18. f4
$5 (18. a4 $5 {was again interesting, since ...f5 would weaken the K-side too
much} f5 $2 19. Nd2 $16 {when moves like e4, Nc4, are going to be even
stronger.}) 18... exf4 19. Rxf4 Ng6 (19... Bxe4 $2 20. dxe4 $16 {is deadly for
Black, Bc4, Raf1 coming.}) 20. Rf2 $6 (20. Rf5 $1 {was important, to avoid the
exchange on e4, followed by the blockade on e5} f6 (20... Bxe4 $2 21. dxe4 $16
{now without having time for Ne5, Black's position will soon be falling apart})
21. Raf1 $36) 20... Qe7 $2 (20... Bxe4 $1 {was necessary} 21. dxe4 Ne5 22. Rf5
Qc7 23. Raf1 f6 $13 {and it's hard to say how is White supposed to break
through. Black looks fine with Kh8, Rad8 next. There are many endgames where
my weaknesses will be felt, and I will need to play carefully so as not to get
into a worse position soon.}) 21. Raf1 $16 Rf8 (21... Bxe4 {would be too late}
22. Rxf7 $1 Qxf7 23. Rxf7 Kxf7 24. dxe4 $18 {with Bc4, Bh5, Qf2 coming, Black
is just lost.}) 22. Ng3 $1 Nh4 23. e4 Bb7 $2 {The final mistake in a difficult
position.} (23... Be6 {was the last chance, covering the important f5-square}
24. Qc3 (24. Bh5 $5 {with the same idea, preventing Ng6 beforehand is also
very interesting} Rad8 25. Qc3 Qg5 26. Bc1 Qe7 27. Ne2 $1 $16 {trying to play
g3, Nf4, Bb2 again at some point, seems messy for Black as well}) 24... f6 25.
Bh5 Bf7 26. Bxf7+ Qxf7 27. e5 $16 {with a very strong attack.}) 24. Rf4 $18 {
With multiple threats, like Qc3, Nh5, Rg4.} Rad8 25. Rxh4 $1 Qxh4 26. Nf5 Qg5
27. h4 {A very important game for our team, since we already had scored a win
on the 4th board by then. It couldn't have been better - starting with 2-0
against such a strong team as Latvia. We ended up winning by 2.5 - 1.5!} 1-0

[Event "Metz op 30th"]
[Site "Metz"]
[Date "2012.04.23"]
[Round "1"]
[White "Gurevich, Mikhail"]
[Black "Satyapragyan, Swayangsu"]
[Result "1-0"]
[WhiteElo "2611"]
[BlackElo "2432"]
[Annotator "Metz Alekhine/Primel,D"]
[PlyCount "54"]
[EventDate "2012.04.14"]
[EventType "swiss"]
[EventRounds "9"]
[EventCountry "FRA"]
[SourceTitle "EXT 2013"]
[Source "ChessBase"]
[SourceDate "2012.11.22"]
[SourceVersion "1"]
[SourceVersionDate "2012.11.22"]
[SourceQuality "1"]

1. c4 Nf6 2. Nc3 e6 3. Nf3 Bb4 {la Nimzo-anglaise} 4. Qc2 (4. g4 $5) 4... c5 5.
a3 Ba5 6. e3 (6. g3) 6... O-O 7. Be2 (7. d4 b6 8. Be2 Bb7 9. O-O Na6 10. b3 Qe7
11. Bb2 Bxc3 12. Bxc3 Ne4 13. Bb2 f5 14. Rad1 Rad8 15. Nd2 Nf6 16. Rfe1 Nc7 17.
Bd3 Qf7 18. e4 cxd4 19. exf5 exf5 20. f3 Nh5 21. Bxd4 Ne6 22. Bc3 Qg6 23. Bf1
Qg5 24. Qd3 Nhf4 25. Qd6 Nh3+ 26. Kh1 Nf2+ 27. Kg1 Nxd1 28. Be5 Rfe8 29. Rxd1
Qe3+ 30. Kh1 Qc5 31. b4 Qxd6 32. Bxd6 Nd4 33. c5 b5 34. Kg1 Bc6 35. Nb1 Nc2 36.
Bd3 Ne3 {Rusev,K (2525)-Georgiev,K (2689) Golden Sands 2012 1/2-1/2 (80)}) 7...
Nc6 8. O-O e5 $5 (8... Qe7) (8... d6) 9. d4 $1 Bxc3 10. Qxc3 exd4 $146 (10...
cxd4 11. exd4 d6 12. dxe5 dxe5 13. Rd1 Qe7 14. h3 a5 15. b3 Re8 16. Bb2 Nd7 17.
Rd5 f6 18. Rad1 Nc5 19. Qe3 Ne6 20. Bf1 Nf4 21. R5d2 Be6 22. Kh2 Qf7 23. g3 Ng6
24. a4 Nge7 25. Bg2 Nf5 26. Qb6 Qc7 27. g4 Nh6 28. Rd6 Ra6 29. Qe3 Bxg4 30. Qd2
Bc8 31. Ng1 Nf7 32. Rd3 Nb4 33. Rg3 Rd6 34. Qe2 Rxd1 35. Qxd1 Rd8 36. Qe2 Nh6
37. Ba3 Nf5 38. Bxb4 axb4 39. Rd3 Nd4 40. Qd1 {Beckhuis,G (2313)-Iordachescu,V
(2587) Dresden 2007 1/2-1/2}) 11. exd4 Re8 12. Be3 d6 (12... d5) 13. Rad1 (13.
Rfe1 Qe7 14. b4 $1 {Un ordre de coups plus précis que dans la partie car sur
cb4, la Ra1 fait pression sur la colonne "a"} Bf5 (14... cxb4 15. axb4 $14 {
[%csl Ga1,Ra7][%cal Gb4b5]})) 13... Qe7 14. Rfe1 Bf5 (14... Bg4) 15. b4 $14 {
Les Blancs ont un petit avantage d'espace et la paire de B} (15. d5 $14) 15...
cxb4 16. axb4 a5 $1 17. bxa5 d5 $5 18. c5 Rxa5 19. Bg5 Rea8 20. Bd3 Qd7 21.
Bxf6 (21. Ne5) 21... gxf6 22. Bxf5 Qxf5 23. Qb3 Qd7 24. Qe3 Qf5 25. Qb3 {
Une petite répétion de l'expérimenté GMI pour gagner du temps avec l'incrément
de 30s} R8a7 (25... Qd7 {Semblait plus simple} 26. Rb1 R8a7 27. Nh4 Ra3 28. Qd1
{[%cal Gd1h5,Gh4f5]}) 26. Nh4 $1 {[%cal Gb3g3] Gagne un tempo important pour
commencer а attaquer les faiblesses de l'aile-roi} Qg5 27. Qh3 Ra8 {Suite
illisible et gain Blanc au 40ème coup} 1-0